000 00504nam a2200181Ia 4500
005 20250923144448.0
008 008 250917s9999 xx 000 0 eng d
037 _aTextual
040 _aDSWL
_beng
_cDSWL
041 _aeng
_2eng
084 _qDSWL
100 _aBryson, Lyman
_9825147
245 0 _aFreedom and authority in our time 12th symposium
_cby Lyman Bryson
260 _aNew York
_b Harper & Bros
_c1953
300 _axvi,766p.
942 _cTEXL
999 _c1439186
_d1439186